000 nam a22 7a 4500
999 _c10677
_d10677
008 180220b ||||| |||| 00| 0 eng d
100 _aJadav,GC.
_96553
245 _aMy Wonderful Book of Environmental Studies-IV
260 _aUP
_bCordova